000 00417nam a2200169Ia 4500
001 10276
008 140328s9999 xx 000 0 und d
020 _a0-7515-1374-1
040 _cPK-LaUMT
082 _a 294.3
_bIKE-U
100 _aIkeda, Daisaku
245 _aUnlocking the mysteries of birth and death : Buddhism in the
_cIkeda, Daisaku
260 _c1994
300 _a218 p.
546 _aEN
942 _cBK
999 _c11292
_d11292